000 00498nam a2200181Ia 4500
005 20250508154629.0
008 008 250505s9999 xx 000 0 eng d
037 _aReference
040 _aFEDL
_beng
_cFEDL
041 _aeng
_2eng
084 _a370.15, LOV
_qFEDL
100 _aLovell K
245 0 _aEducational psychology and children
260 _aLondon, UK
_bUniversity of London Press
_c1965
300 _a312p
942 _cREF
_h370.15, LOV
999 _c1351317
_d1351317